00589nam a2200181 i 450000100060000000300090000600500170001500700030003200800410003510000410007624500480011725000150016526000340018030000220021485200320023699900170026895201220028532192ES-MaACL20230906154529.0t|030130s1970 sp ||||1| spa d1 aBenítez de Castro, Cecilio.92762511a"Sexy-Bar" / cCecilio Benítez de Castro. a[1ª ed.]. aBarcelona : bMarte, c[1970] a539 p. ; c21 cm. aES-MaACLjC-39587 bR.75518 c32192d32192 00104070aATENEOMbATENEOMcDEPO2d2008-01-17eSCl0oC-39587p1033326r2023-02-23 00:00:00w2023-02-23yMONOGRAFIA